The constitution, as formed for the United States, by the Foederal Convention, held at Philadelphia, in the year 1787 : with the resolves of Congress, and of the Assembly of Pennsylvania thereon.

Bibliographic Details
Corporate Authors: United States, Gale (Firm)
Format: eBook
Language:English
Subjects:
Online Access:Connect to the full text of this electronic book

MARC

Tag First Indicator Second Indicator Subfields
LEADER 00000cam a2200000 4500
001 in00003880013
005 20190415192922.0
006 m o d
007 cr |n||||||||n
008 841219s1787 xxu|||| o o00| | eng c
035 |a (CU-RivES)W30509 
035 |z (CU-RivES)T151080 
035 |a (Uk-ES)006456555 
035 |a (OCoLC)511191571 
040 |a MWA  |c MWA  |d CU-RivES  |d CStRLIN  |d Cengage Gale  |d UtOrBLW 
050 4 |a Z1215  |b .U558 1787 
110 1 |a United States.  |0 http://id.loc.gov/authorities/names/n79065871 
240 1 0 |a Constitution 
245 1 4 |a The constitution, as formed for the United States, by the Foederal Convention, held at Philadelphia, in the year 1787 :  |b with the resolves of Congress, and of the Assembly of Pennsylvania thereon. 
264 3 |a Philadelphia :  |b Printed by T. Bradford, in Front-Street, four doors below the Coffee-House,  |c M,DCC,LXXXVII. [1787] 
300 |a 1 online resource (16 pages)  
336 |a text  |b txt  |2 rdacontent 
337 |a computer  |b c  |2 rdamedia 
338 |a online resource  |b cr  |2 rdacarrier 
510 4 |a Evans,  |c 20794 
510 4 |a English Short Title Catalog,  |c W30509. 
500 |a Reproduction of original from Library of Congress. 
500 |a Electronic resource. 
650 0 |a Constitutions  |z United States  |v Early works to 1800. 
655 7 |a Electronic books.  |2 local 
710 2 |a Gale (Firm)  |0 http://id.loc.gov/authorities/names/no2008071348 
752 |a United States  |b Pennsylvania  |d Philadelphia. 
856 4 0 |u http://proxy.library.tamu.edu/login?url=http://find.galegroup.com/ecco/infomark.do?contentSet=ECCOArticles&docType=ECCOArticles&bookId=1547300400&type=getFullCitation&tabID=T001&prodId=ECCO&docLevel=TEXT_GRAPHICS&version=1.0&source=library&userGroupName=txshracd2898  |z Connect to the full text of this electronic book  |t 0 
999 f f |s 7e28bbbb-46b8-3d90-a34d-42394a061362  |i f1d54071-27e9-39d8-a92d-66e9c908b333  |t 0 
952 f f |a Texas A&M University  |b College Station  |c Electronic Resources  |d Available Online  |t 0  |e Z1215 .U558 1787  |h Library of Congress classification 
998 f f |a Z1215 .U558 1787  |t 0  |l Available Online